<?xml version="1.0" encoding="UTF-8"?>
<collection xmlns="http://www.loc.gov/MARC21/slim">
 <record>
  <leader>00556pamaa2200169   4500</leader>
  <controlfield tag="001">0000036909</controlfield>
  <controlfield tag="005">20151022090000.0</controlfield>
  <datafield tag="020" ind1="0" ind2="0">
   <subfield code="a">967690354X </subfield>
  </datafield>
  <datafield tag="082" ind1=" " ind2=" ">
   <subfield code="a">340.59 MUH</subfield>
  </datafield>
  <datafield tag="090" ind1="0" ind2="0">
   <subfield code="a">BP144 </subfield>
   <subfield code="b">MUH</subfield>
  </datafield>
  <datafield tag="100" ind1="1" ind2="0">
   <subfield code="a">MUHAMMAD FIRDAUS NURUL HUDA </subfield>
  </datafield>
  <datafield tag="245" ind1="1" ind2="0">
   <subfield code="a">Kesan Perubahan Sosial Terhadap Hukum Islam : </subfield>
   <subfield code="b">satu kajian tentang metodologi syariah dan pelaksanaannya  </subfield>
   <subfield code="c">Muhammad Firdaus Nurul Huda.</subfield>
  </datafield>
  <datafield tag="260" ind1="0" ind2="0">
   <subfield code="a">Batu Caves: </subfield>
   <subfield code="b">Thinker's Library, </subfield>
   <subfield code="c">2002.</subfield>
  </datafield>
  <datafield tag="300" ind1=" " ind2=" ">
   <subfield code="a">xv, 349p.; </subfield>
   <subfield code="c">24 cm.</subfield>
  </datafield>
  <datafield tag="501" ind1="0" ind2="0">
   <subfield code="a">LAN</subfield>
  </datafield>
  <datafield tag="650" ind1="0" ind2="0">
   <subfield code="a">Islamic Law </subfield>
  </datafield>
  <datafield tag="650" ind1="0" ind2="0">
   <subfield code="a">Social change -- </subfield>
   <subfield code="x">religious aspects </subfield>
  </datafield>
 </record>
</collection>
